000 00911nas a2200289 4500
001 BR0203823
003 BR-BrBNA
005 20231205103131.0
007 ta
008 230509b bl.|||p| |||| 00| 00por d
040 _aBR-BrBNA
_bpor
_cBiblioteca Nacional de Agricultura
041 _a(Pt)
072 _aE21; F30
100 1 _aAraújo, J.C. de
245 1 _aA concentração nas empresas do Agribusiness e biotecnologia
650 _aAGRIBUSINESS
650 _aBIOTECNOLOGIA
650 _aPLANTA TRANSGÊNICA
650 _aPRODUÇÃO DE ALIMENTOS
650 _aTRANSFERÊNCIA DE TECNOLOGIA
650 _a
650 _aMERCADO INTERNACIONAL
773 0 _tRevista de Política Agrícola (Brazil)
_x
_g(Abr-Jun 2001), v. 10(2) p. 33-38
_wBR0203823
856 4 _uRev_Pol_Agr_v10_n2-2001.pdf#page=34
_yRecurso eletrônico (PDF)
909 _a202311
_bLúcia
_c55
_dLúcia Elande
942 _2AGRIS
_n0
_cANA
999 _c171266
_d171266